| 000 | 00561cab a2200193 4500 | ||
|---|---|---|---|
| 001 | ABS40152 | ||
| 008 | 090401t1988 xxu||||| |||| 00| 0 eng d | ||
| 035 | _a(Sirsi) u21779 | ||
| 041 | _aeng | ||
| 100 | _aSlavid, R. | ||
| 245 | _aWhy management lacks Team spirit | ||
| 260 | _c1988 | ||
| 350 | _a0 | ||
| 490 |
_aConstruction News _v(6092) 15 December 1988, 18(1) |
||
| 520 | _aReports on Team Management and Projects a company set up to specialise in management contracting . | ||
| 690 | _aPRACTICE AND TECHNIQUES | ||
| 942 | _n0 | ||
| 948 | _c04/03/1997 | ||
| 999 |
_c14600 _d14600 |
||